Location of famous landmarks #2 - Statistics

General Stats
  • This quiz has been taken 26 times
  • The average score is 9 of 10
Answer Stats
Picture Answer % Correct
Australia
100%
Brazil
100%
China
100%
Egypt
100%
Italy
100%
USA
100%
Russia
81%
Saudi Arabia
81%
Turkey
76%
Greece
57%
No matching quizzes found
Score Distribution
Percent of People with Each Score
Percentile by Number Answered
Your Score History
You have not taken this quiz